00840nam a2200241Ia 4500003000400000005001700004008004100021020001500062040001800077041000800095082002100103100002900124245006900153250001200222260005600234300002600290650004000316650003300356650003400389942003100423999001900454952012500473OSt20251208145309.0210716s1998 xx 000 0 und d a8175151633 cAIMIT LIBRARY aeng a006.37 21bCOOJ aCooper, James W.9248271 aVisual basic : bprogrammers guide to java /cBy James W Cooper. a1st ed. aNew Delhi :bGalgotia Publications Pvt Ltd ,c1998. axxvi,564bPBc25.6 cm aSyntax of the java language9248272 aJava visual controls9248273 aUsing threads in java9248274 2ddccBKe1st k006.37 COOJ c183308d183308 001040708MCAaAIMITbAIMITd2021-07-16g320.00l0o006.37 COOJpMCA02816r2025-07-21 00:00:00v320.00w2021-07-16yBK